| 000 | 00700nam a2200205 a 4500 | ||
|---|---|---|---|
| 001 | 000045789 | ||
| 005 | 20201002052438.0 | ||
| 008 | 110301s1974 dr a 000 0 spa d | ||
| 040 |
_aDO-SdBNP _bspa _cBNPHU |
||
| 082 |
_axxx _bP592r |
||
| 100 | 1 |
_aPichardo, Bernardo, _d1877-1924 _926162 |
|
| 245 | 1 | 0 |
_aResumen de historia patria / _cBernardo Pichardo. |
| 250 | _a6a ed. | ||
| 260 |
_aSanto Domingo : _bEditores del Caribe, _c1974. |
||
| 300 |
_a437 p. ; : ; _c21 cm. |
||
| 490 | 1 |
_aPensamiento dominicano _v31 |
|
| 590 | _aPerteneció a la biblioteca personal de Erick Landestoy | ||
| 500 | _aIncluye noticias biográficas del autor en la página 7 | ||
| 830 | 0 |
_aPensamiento dominicano _n31 _957686 |
|
| 999 |
_c45278 _d45278 |
||